| 000 | 01208 a2200205 4500 | ||
|---|---|---|---|
| 001 | 46607 | ||
| 005 | 20260407155736.0 | ||
| 008 | 260407a1969 arg spa d | ||
| 003 | AR-UNSa-BCEJYS | ||
| 040 |
_aAR-UNSa-BCEJYS _bspa _cAR-UNSa-BCEJYS |
||
| 080 |
_a349.22:331.106 _xContrato de trabajo |
||
| 245 | 1 | 0 | _aLeyes de Procedimiento Laboral |
| 264 | 1 |
_aBuenos Aires : _bEdiciones Contabilidad Moderna _c1969 |
|
| 300 |
_a390 p. _c26 cm. |
||
| 505 | _aLeyes Nacionales y de la Capital Federal: 1. Régimen judicial de la capital federal – 2. Procedimiento para la aplicación de multas – 3. Regímenes de leyes especiales – 4. Procedimiento en materia de previsión social – 5. Procedimiento ante el consejo de trabajo doméstico – 6. Tribunal nacional de relaciones profesionales – 7. Procedimientos en conflictos colectivos – 8. Disposiciones generales complementarias – 9. Jurisprudencia de los tribunales nacionales - - Leyes de la Provincia de Buenos Aires: 10. Régimen judicial – 11. Procedimiento administrativo – 12. Jurisprudencia. | ||
| 942 | _cBK | ||
| 590 | _aniveau_biblio:m niveau_hierar:0 | ||
| 100 | 1 | _aFernández Madrid, Juan Carlos | |
| 700 | 1 | _aPodetti, Humbero A. | |
| 999 |
_c4218 _d4218 |
||